Países visitados en "The Eras Tour" por Taylor Swift - Estadísticas

Estadísticas generales
  • Esta prueba ha sido intentada 55 veces
  • La puntuación promedio es 18 de 19
Respuestas en el mapa
Las respuestas están codificadas por una escala verde-roja en el mapa de la prueba según el % correcto abajo.
 
Estadísticas de respuestas
País % Correcto
Canadá
100%
España
100%
Estados Unidos
100%
Francia
100%
Italia
100%
México
100%
Reino Unido
100%
Alemania
98%
Argentina
98%
Australia
98%
Brasil
98%
Japón
98%
Portugal
98%
Irlanda
96%
Suecia
96%
Suiza
92%
Países Bajos
86%
Polonia
86%
Singapur
59%
No se encontraron pruebas coincidentes
Distribución de puntuación
Porcentaje de gente con cada puntuación
Porcentaje por número respondido
Historial de tus puntuaciones
No has intentado esta prueba.